[Event "CCCSA GM 2016"]
[Site "Charlotte USA"]
[Date "2016.03.27"]
[Round "8.3"]
[White "Brown,Michael William"]
[Black "Korley,K"]
[Result "1/2-1/2"]
[WhiteElo "2408"]
[BlackElo "2412"]

1.d4 d5 2.c4 dxc4 3.e4 c5 4.Nf3 cxd4 5.Qxd4 Qxd4 6.Nxd4 a6 7.Bxc4 e6 8.O-O Nf6
9.f3 Bc5 10.Be3 Nc6 11.Rd1 Bd7 12.Kf2 Rc8 13.Nxc6 Bxe3+ 14.Kxe3 Bxc6 15.Nd2 Ke7
16.Rac1 Rhd8 17.Be2 Ba4 18.b3 Bb5 19.Bxb5 axb5 20.Rxc8 Rxc8 21.Nb1 Ne8 22.Rd2 Nd6
23.Na3 Ra8 24.Nb1 f5 25.exf5 Nxf5+ 26.Ke2 b4 27.g4 Nd6 28.Rd4 Rxa2+ 29.Nd2 e5
30.Rxb4 Ra5 31.Nc4 Rb5 32.Rxb5 Nxb5 33.Nxe5 Nd4+ 34.Kd3 Nxb3 35.f4 Ke6 36.Ke4 Nd2+
37.Kd4 Nf1 38.f5+ Kf6 39.h4 Nd2 40.Nd7+ Ke7 41.Ne5 Nf1 42.Kd3 h5 43.Ke2 Nh2
44.gxh5 Kf6 45.Nc4 Ng4 46.Nd6 b6 47.Ne8+ Kf7 48.Nd6+ Kf8 49.Kd3 Nf6 50.Kc4 Nxh5
51.Kb5 Ke7 52.Ne4 Nf6 53.Ng5 Nd5 54.Ne6 Kf6 55.Kc6 Ne7+ 56.Kxb6 Nxf5 57.Nxg7 Nxh4  1/2-1/2

[Event "CCCSA IM 2016"]
[Site "Charlotte USA"]
[Date "2016.03.27"]
[Round "9.3"]
[White "Niemann,Hans M"]
[Black "Lorne,M"]
[Result "1-0"]
[WhiteElo "2325"]
[BlackElo "2099"]

1.d4 d5 2.c4 dxc4 3.e4 Nf6 4.e5 Nd5 5.Bxc4 e6 6.Nc3 Nb6 7.Bb3 c5 8.Nf3 Nc6
9.Be3 cxd4 10.Nxd4 Nxd4 11.Qxd4 Qxd4 12.Bxd4 Bd7 13.a4 Bc6 14.a5 Nd7 15.a6 b6
16.Ba4 Bxa4 17.Rxa4 Nc5 18.Bxc5 Bxc5 19.Ke2 O-O-O 20.Rc1 Kb8 21.Rc4 Bd4 22.Nb5 Bxe5
23.Rc7 Bxc7 24.Rxc7 Rc8 25.Rb7+ Ka8 26.Rxa7+ Kb8 27.Rb7+ Ka8 28.Nc7+ Rxc7
29.Rxc7 Rf8 30.Kd3 Kb8 31.Rb7+ Ka8 32.Rxb6 Rd8+ 33.Kc3 Rc8+ 34.Kb3 Rc7 35.Rd6 Rc5
36.Rd7 Rb5+ 37.Ka3 Ra5+ 38.Kb4 Rxa6 39.Rxf7 Rb6+ 40.Kc3 Rc6+ 41.Kb3 Rb6+
42.Kc2  1-0

[Event "74th ch-Urals 2016"]
[Site "Khanty-Mansiysk RUS"]
[Date "2016.03.30"]
[Round "8.9"]
[White "Zorin,Al"]
[Black "Lipatov,Vladislav"]
[Result "0-1"]
[WhiteElo "2135"]
[BlackElo "2174"]

1.d4 d5 2.c4 dxc4 3.e4 e5 4.d5 Nf6 5.Nc3 c6 6.Bg5 Bc5 7.Bxf6 Qxf6 8.Qf3 Qg6
9.Qg3 Qxg3 10.hxg3 b5 11.dxc6 Bb4 12.a4 Nxc6 13.axb5 Nd4 14.O-O-O Be6 15.Nd5 Ba5
16.Nf3 Nxf3 17.gxf3 Rc8 18.Bh3 Rc5 19.Kc2 Rxb5 20.Bf1 Rc5 21.Be2 h6 22.g4 f6
23.Ne3 Kf7 24.Ra1 Rb8 25.Ra3 Rbc8 26.Rha1 Bb6 27.Rc3 g6 28.Ra4 h5 29.gxh5 gxh5
30.Nxc4 Bxc4 31.Raxc4 Rxc4 32.Bxc4+ Kg7 33.Be6 Re8 34.Bf5 Kh6 35.Rc8 Rxc8+
36.Bxc8 Kg5 37.Kd2 Bxf2 38.Ke2 Bd4 39.Kf1 Kf4 40.Kg2 Bxb2 41.Ba6 h4 42.Bc8 a5
43.Bd7 Bc3 44.Bc6 h3+ 45.Kxh3 Kxf3 46.Kh4 Bd2 47.Kh5 Bg5  0-1

[Event "ch-ROU w 2016"]
[Site "Olanesti ROU"]
[Date "2016.04.07"]
[Round "6.5"]
[White "Ionescu,I"]
[Black "Sgircea,S"]
[Result "1-0"]
[WhiteElo "2228"]
[BlackElo "2232"]

1.d4 d5 2.c4 dxc4 3.e4 Nc6 4.d5 Ne5 5.Bf4 Ng6 6.Be3 Nf6 7.Nc3 e5 8.f3 a6
9.Bxc4 Nh5 10.Qd2 Bd6 11.Nge2 O-O 12.g3 Bh3 13.Rg1 Qf6 14.O-O-O Qxf3 15.g4 Bxg4
16.Ng3 Nxg3 17.Rxg3 Qxg3 18.hxg3 Bxd1 19.Nxd1 Rfb8 20.Be2 b5 21.Nc3 Ne7 22.Bg4 Rd8
23.Qf2 Rab8 24.Bh5 Ng6 25.Bg5 Rf8 26.Bd2 Ne7 27.Bg4 Rfd8 28.Nd1 c6 29.Ba5 Rf8
30.Ne3 cxd5 31.Nxd5 Nc6 32.Bd2 Nd4 33.Qe3 Ne6 34.Bf5 Rfd8 35.Ba5 Re8 36.Kb1 Bf8
37.Qe1 Nd4 38.Bd7  1-0

[Event "Accentus Young Masters"]
[Site "Bad Ragaz SUI"]
[Date "2016.04.11"]
[Round "6.2"]
[White "Bluebaum,M"]
[Black "Gaehwiler,G"]
[Result "1-0"]
[WhiteElo "2628"]
[BlackElo "2359"]

1.d4 d5 2.c4 dxc4 3.e4 e5 4.Nf3 exd4 5.Bxc4 Nc6 6.O-O a6 7.Nbd2 Bc5 8.e5 Be6
9.Bxe6 fxe6 10.Qb3 Bb6 11.Qxe6+ Nge7 12.Nc4 Qd5 13.Qxd5 Nxd5 14.Nxb6 Nxb6
15.b3 O-O 16.Re1 Rae8 17.Bb2 Nd7 18.Nxd4 Ncxe5 19.Rad1 Nd3 20.Rxe8 Rxe8 21.Bc3 N7e5
22.Nf5 Nf4 23.Re1 Nfd3 24.Re3 Rd8 25.h3 Nc6 26.Nxg7 Nf4 27.Ne6 Rd1+ 28.Kh2 Nxe6
29.Rxe6 Rc1 30.Re3 Rc2 31.Rg3+ Kf8 32.Rf3+ Kg8 33.a4 b5 34.axb5 axb5 35.b4 Nd8
36.Be5 c5 37.bxc5 Ne6 38.Bd6 Kg7 39.Rg3+ Kf6 40.Rf3+ Kg6 41.Be7 Nd4 42.Rf4 Rc4
43.Rf6+ Kg7 44.Rb6 Nf5 45.Bf6+ Kf7 46.Be5 Rxc5 47.Rf6+ Ke7 48.Rxf5 Ke6 49.Rh5 Rxe5
50.Rxh7 Re1 51.Rb7 Rb1 52.h4 Kf6 53.g4 b4 54.Kg3 b3 55.Kf4  1-0

[Event "7th LUCOPEN 2016"]
[Site "Lille FRA"]
[Date "2016.04.13"]
[Round "6.11"]
[White "Lefebvre,J"]
[Black "Bannink,B"]
[Result "0-1"]
[WhiteElo "1927"]
[BlackElo "2228"]

1.d4 d5 2.c4 dxc4 3.e4 Nf6 4.Nc3 e5 5.d5 Bd6 6.Bxc4 O-O 7.Bg5 Be7 8.Qd3 Nxd5
9.Bxe7 Nxe7 10.Qg3 Qd6 11.Nf3 Nbc6 12.O-O Qc5 13.Bb3 Be6 14.Bxe6 fxe6 15.Ng5 Rf6
16.Rac1 Qb4 17.f4 h6 18.Nh3 Raf8 19.Qe3 exf4 20.Nxf4 Qd4 21.Qxd4 Nxd4 22.Nd3 Nec6
23.Rxf6 Rxf6 24.Rf1 b6 25.Rxf6 gxf6 26.Kf2 Ne7 27.Ke3 c5 28.Nf4 Kf7 29.Kd3 Nec6
30.Nfe2 Ne5+ 31.Kd2 Nc4+ 32.Kc1 e5 33.b3 Ne3 34.g3 Ke6 35.h3 Nec2 36.Kd2 Nxe2
37.Kxe2 Nb4 38.Kf3 Kf7 39.Kg4 Kg6 40.h4 h5+ 41.Kf3 f5 42.Nb5 Nxa2 43.Nxa7 Nc1
44.Nc8 Nxb3 45.exf5+ Kxf5 46.Nxb6 Nd4+ 47.Kf2 Ke4 48.Nc4 Nf5 49.g4 hxg4  0-1

[Event "Accentus Young Masters"]
[Site "Bad Ragaz SUI"]
[Date "2016.04.14"]
[Round "9.5"]
[White "Bluebaum,M"]
[Black "Hera,I"]
[Result "1/2-1/2"]
[WhiteElo "2628"]
[BlackElo "2622"]

1.d4 d5 2.c4 dxc4 3.e4 Nc6 4.Nf3 Bg4 5.d5 Ne5 6.Bf4 Ng6 7.Be3 Nf6 8.Bxc4 e5
9.Nbd2 Bd6 10.Bb5+ Bd7 11.Qb3 O-O 12.Bxd7 Qxd7 13.Qxb7 Rfb8 14.Qa6 Rxb2 15.O-O Rb4
16.a3 Ra4 17.Qd3 c6 18.dxc6 Qxc6 19.Rfc1 Qa6 20.Qxa6 Rxa6 21.Rc4 Rxa3 22.Rxa3 Bxa3
23.Ra4 Bc1 24.Rxa7 Rxa7 25.Bxa7 Nh4 26.Nxh4 Bxd2 27.f3 g6 28.g3 Nd7 29.Kf1 Bb4
30.Ke2 Bc5 31.Bxc5 Nxc5  1/2-1/2

[Event "TCh-HUN 2015-16"]
[Site "Hungary HUN"]
[Date "2016.04.17"]
[Round "9.5"]
[White "Lajthajm,B"]
[Black "Seres,L"]
[Result "0-1"]
[WhiteElo "2437"]
[BlackElo "2420"]

1.d4 d5 2.c4 dxc4 3.e4 Nf6 4.Nc3 e5 5.d5 Bc5 6.Bg5 b5 7.Nf3 a6 8.Qc2 Nbd7
9.a4 Rb8 10.axb5 axb5 11.Be2 h6 12.Bh4 O-O 13.O-O Qe7 14.Ra5 Bb6 15.Raa1 Bc5
16.Ra5 Bb6 17.Raa1 Bc5 18.Rfd1 Qd6 19.Ra5 c6 20.Bf1 Re8 21.b3 Bb4 22.Ra2 Bxc3
23.Qxc3 Nxe4 24.Qe1 cxb3 25.Rb2 Ndc5 26.dxc6 Qxc6 27.Rc1 Qd5 28.Nd2 Na4 29.Nxe4 Nxb2
30.Qe3 Qd4 31.Qf3 Bb7 32.Rc7 Bd5 33.Nf6+ gxf6 34.Qg3+ Kh7 35.Bxf6 Rg8 36.Qh3 Rxg2+
37.Bxg2 Qd1+ 38.Bf1 Rg8+  0-1

[Event "Copenhagen CC 2016"]
[Site "Ballerup DEN"]
[Date "2016.04.20"]
[Round "1.24"]
[White "Andreasen,Jo"]
[Black "Larsen,Preben R."]
[Result "0-1"]
[WhiteElo "2227"]
[BlackElo "1821"]

1.d4 d5 2.c4 dxc4 3.e4 e5 4.Nf3 Bb4+ 5.Bd2 Bxd2+ 6.Qxd2 exd4 7.Nxd4 a6 8.Bxc4 Ne7
9.O-O O-O 10.a4 Nbc6 11.Nb3 Qxd2 12.N1xd2 Ne5 13.Be2 b6 14.Rac1 Ra7 15.h3 Rd8
16.Rc3 a5 17.Rfc1 c5 18.Bb5 Bd7 19.Nf1 Bxb5 20.axb5 Rad7 21.R1c2 Rd3 22.Ne3 Kf8
23.Nc1 Rd2 24.f4 Rxc2 25.Rxc2 N5g6 26.g3 Rd4 27.Nc4 Nc8 28.Rd2 Rxc4 29.Rd8+ Ke7
30.Rxc8 Rxc1+ 31.Kf2  0-1

[Event "Batumi WGP 2016"]
[Site "Batumi GEO"]
[Date "2016.04.23"]
[Round "4.2"]
[White "Javakhishvili,L"]
[Black "Skripchenko,A"]
[Result "1/2-1/2"]
[WhiteElo "2489"]
[BlackElo "2453"]

1.d4 d5 2.c4 dxc4 3.e4 e5 4.Nf3 exd4 5.Bxc4 Nc6 6.O-O Be6 7.Bb5 Bc5 8.b4 Bb6
9.a4 a6 10.Bxc6+ bxc6 11.a5 Ba7 12.Bb2 Nf6 13.Bxd4 Nxe4 14.Bxa7 Qxd1 15.Rxd1 Rxa7
16.Re1 Nf6 17.Ne5 Rb7 18.Nxc6 Kd7 19.Rc1 Kd6 20.Ra3 Bd7 21.Rac3 Nd5 22.Rc4 Bxc6
23.Rxc6+ Kd7 24.Rxa6 Nxb4 25.Rd1+ Ke7 26.Re1+ Kd7 27.Rd1+ Ke7 28.Re1+ Kd7
29.Rd1+ Ke7 30.Re1+ Kd7  1/2-1/2

[Event "Copenhagen CC 2016"]
[Site "Ballerup DEN"]
[Date "2016.04.24"]
[Round "8.17"]
[White "Vesterli,M"]
[Black "Eriksson,C"]
[Result "1/2-1/2"]
[WhiteElo "2138"]
[BlackElo "2195"]

1.d4 d5 2.c4 dxc4 3.e4 Nf6 4.e5 Nd5 5.Bxc4 Nb6 6.Bd3 Nc6 7.Ne2 Bg4 8.f3 Bh5
9.Nbc3 e6 10.Be3 Bg6 11.Be4 Be7 12.O-O O-O 13.Rc1 Nc4 14.Bf2 Nxb2 15.Qb3 Nd3
16.Bxd3 Bxd3 17.Rfd1 Bxe2 18.Nxe2 Nb4 19.Nc3 c6 20.a3 Nd5 21.Nxd5 Qxd5 22.Qxb7 Bxa3
23.Ra1 Rfb8 24.Qc7 Rb3 25.Rdb1 Rxb1+ 26.Rxb1 a5 27.Rb7 Rf8 28.h3 Bb4 29.Rb6 Bc3
30.Rxc6 Bxd4 31.Bxd4 Qxd4+ 32.Kh2 Qf4+ 33.Kh1 Qd2 34.Ra6 a4 35.Qc5 h5 36.Qa5 Qc1+
37.Kh2 Qf4+ 38.Kg1 Rb8 39.Qxa4 Rb1+ 40.Kf2 Rb2+ 41.Kg1 Qg3 42.Ra8+ Kh7 43.Qe4+ g6
44.f4 Rf2 45.Ra4 h4 46.Rd4 Kg7 47.Ra4 Rb2 48.Ra1 Qc3 49.Rf1 Qd2 50.Qf3  1/2-1/2

[Event "NOR vs SWE Match 2016"]
[Site "Stavanger NOR"]
[Date "2016.04.24"]
[Round "2.2"]
[White "Urkedal,F"]
[Black "Smith,Ax"]
[Result "1/2-1/2"]
[WhiteElo "2549"]
[BlackElo "2503"]

1.d4 d5 2.c4 dxc4 3.e4 Nf6 4.e5 Nd5 5.Bxc4 Nb6 6.Bd3 Nc6 7.Be3 Nb4 8.Be4 N4d5
9.Ne2 Nxe3 10.fxe3 g6 11.O-O Bh6 12.Nf4 O-O 13.Nc3 c6 14.Qb3 Bxf4 15.Rxf4 Be6
16.Qc2 Kg7 17.Raf1 Qd7 18.Qf2 Bc4 19.Rd1 f6 20.b3 Ba6 21.exf6+ exf6 22.Bf3 Nd5
23.Bxd5 cxd5 24.e4 dxe4 25.Nxe4 f5 26.Nc5 Qd5 27.Rf3 Rfe8 28.Re3 Bb5 29.Rde1 Rxe3
30.Rxe3 Re8 31.Rxe8 Bxe8 32.h4 Bc6 33.Nd3 Qe4 34.Nf4 Kf6 35.Qd2 Bd5 36.Kh2 b6
37.Nxd5+ Qxd5 38.Qf4 Ke6 39.Kg3 Qd6 40.Qxd6+ Kxd6 41.Kf4 Kd5 42.Kg5 Kxd4
43.Kh6 Ke5 44.Kxh7 Kf6 45.Kg8 f4 46.Kf8 g5 47.hxg5+ Kxg5 48.Ke7 Kf5 49.Kd6 Kg4
50.Ke6 Kg5 51.Ke5 Kg4 52.Kf6 Kh4 53.Kf5 Kg3 54.Ke4 Kg4 55.Ke5 Kg5 56.a4 a5
57.Kd5 Kh4 58.Ke6 Kg5 59.Ke5  1/2-1/2

[Event "Bodensee Open 2016"]
[Site "Bregenz AUT"]
[Date "2016.05.04"]
[Round "5.1"]
[White "Sergeev,Vl"]
[Black "Nikolic,Pr"]
[Result "0-1"]
[WhiteElo "2435"]
[BlackElo "2622"]

1.d4 d5 2.c4 dxc4 3.e4 Nc6 4.d5 Ne5 5.Bf4 Ng6 6.Be3 Nf6 7.Nc3 e5 8.Bxc4 Bd6
9.Bb5+ Bd7 10.Qa4 Nh4 11.Bxd7+ Nxd7 12.Kf1 f5 13.exf5 Nxf5 14.Nf3 O-O 15.Bg5 Qe8
16.Re1 Qf7 17.h4 Nc5 18.Qd1 Rae8 19.b4 Nd7 20.Qb1 Nb6 21.Rd1 h6 22.Bc1 Nd4
23.Rh3 Nxd5 24.Nxd5 Qxd5 25.Nxd4 exd4 26.Qb3 Qxb3 27.Rxb3 Re4 28.g3 d3 29.Rdxd3 Rxb4
30.Rxb4 Bxb4 31.Bf4 Ba5 32.Rd5 Bb6 33.h5 c6 34.Rd7 Rf7 35.Rd2 Rf5 36.Rd7 Rf7
37.Rd2 Bc7 38.Bxc7 Rxc7 39.Ke2 Kf7 40.Rd6 Ke8 41.Rg6 Rd7 42.Rg4 Kf7 43.Rf4+ Ke6
44.Re4+ Kf5 45.f3 Kg5 46.g4 Kh4 47.Kf2 c5 48.a4 Rc7 49.Rf4 b6 50.Rf8 c4 51.Ke2 Kg3
52.Kd2 a6 53.Rf5 Rb7 54.Kc3 b5 55.axb5 axb5 56.g5 b4+ 57.Kb2 c3+ 58.Kb3 Rc7
59.gxh6 gxh6 60.Kc2 b3+ 61.Kc1 b2+  0-1

[Event "10th Wunsiedel Open 2016"]
[Site "Wunsiedel GER"]
[Date "2016.05.06"]
[Round "3.11"]
[White "Werle,J"]
[Black "Bartel,Mi"]
[Result "1-0"]
[WhiteElo "2554"]
[BlackElo "2316"]

1.d4 d5 2.c4 dxc4 3.e4 Nf6 4.e5 Nd5 5.Bxc4 Nb6 6.Bd3 Nc6 7.Ne2 Bg4 8.f3 Be6
9.Nbc3 Qd7 10.Ne4 Bd5 11.Nc5 Qc8 12.a3 e6 13.Qc2 Bxc5 14.Qxc5 Qd7 15.O-O O-O-O
16.Be3 f6 17.a4 Qe7 18.Qxe7 Nxe7 19.exf6 gxf6 20.Rfc1 Bc6 21.a5 Nbd5 22.Bd2 a6
23.Rc5 Be8 24.Re1 Bg6 25.Bc4 c6 26.Nf4 Nxf4 27.Bxf4 Rxd4 28.Bxe6+ Kd8 29.Bh6 Re8
30.Be3 Rd6 31.Bf4 Rd4 32.Bg3 Nd5 33.Bf2 Rd2 34.Rcc1 Kc7 35.Bg3+ Kd8 36.Bf2 Kc7
37.Bg3+ Kd8 38.Bh4 Rf8 39.Rcd1 Rxd1 40.Rxd1 Bc2 41.Rd4 Bb3 42.Bf5 Rf7 43.Bf2 Re7
44.Rh4 Re2 45.Rxh7 Rxb2 46.Rxb7 Rd2 47.Rb8+ Ke7 48.Bc5+ Kf7 49.Rxb3 Nf4 50.g3 Ne2+
51.Kf1 Nc1 52.Rb7+ Ke8 53.Re7+ Kd8 54.Re1 Nb3 55.Bb6+  1-0

[Event "Cetinje Open 2016"]
[Site "Cetinje MNE"]
[Date "2016.05.09"]
[Round "8.31"]
[White "Bubanja,Milos"]
[Black "Malisic,Miroslav"]
[Result "1-0"]
[WhiteElo "1591"]
[BlackElo "1970"]

1.d4 d5 2.c4 dxc4 3.e4 c5 4.d5 e6 5.Bxc4 a6 6.a4 Nf6 7.Nc3 exd5 8.exd5 Bd6
9.Qe2+ Qe7 10.Qxe7+ Bxe7 11.Nf3 Bg4 12.Ne5 Nbd7 13.Bf4 O-O-O 14.Nxf7 Rde8
15.Nxh8 Bd6+ 16.Be3 Rxh8 17.O-O Ne5 18.b3 Bf5 19.Rfd1 Nxc4 20.bxc4 Bc2 21.Rdc1 Bd3
22.Nd1 Re8 23.Ra3 Be2 24.Ra2 Bxd1 25.Rxd1 Ng4 26.h3 Nxe3 27.Re1 Re4 28.Rxe3 Rxc4
29.g3 Rd4 30.Re8+ Kd7 31.Rg8 Rxd5 32.Rxg7+ Kc6 33.Rxh7 c4 34.Rh4 c3 35.Rc4+ Rc5
36.Rxc5+ Kxc5 37.Kf1 b5 38.Ke1 b4 39.Kd1 b3 40.Re2 Kb4 41.h4 Ka3 42.Kc1 Kxa4
43.Re4+ Bb4 44.h5 Ka3 45.Rxb4 Kxb4 46.h6 Ka3 47.h7 b2+ 48.Kc2 Ka2 49.Kxc3 b1=Q
50.h8=Q Qc1+ 51.Kd3 Qa3+ 52.Qc3 Qd6+ 53.Ke4 Qg6+ 54.Kf3 Qf5+ 55.Kg2 a5 56.f3 a4
57.g4 Qb5 58.Kg3 a3 59.Kh4 Qb2 60.Qc4+ Kb1 61.Qd3+ Ka2 62.Qc4+ Qb3 63.Qe2+ Kb1
64.g5 Qc3 65.Qb5+ Kc1 66.f4 Qh8+ 67.Kg4 Qc8+ 68.f5 a2 69.Qf1+ Kc2 70.g6 Kb2
71.Qe2+ Qc2 72.Qb5+ Ka3 73.Qa5+ Kb3 74.Kg5 Kb2 75.g7 Qg2+ 76.Kf6 a1=Q 77.Qxa1+ Kxa1
78.Kf7 Kb2 79.g8=Q Qb7+ 80.Kg6 Qc6+ 81.Qe6 Qg2+ 82.Kf7 Qb7+ 83.Qe7 Qd5+ 84.Qe6 Qb7+
85.Ke8 Qb8+ 86.Ke7 Qc7+ 87.Kf6 Qh7 88.Qe5+ Kb3 89.Qe6+ Kc3 90.Qc6+ Kd4 91.Qa4+ Kd5
92.Qa2+ Ke4 93.Qc4+ Kf3 94.Qd3+ Kf4 95.Qd4+ Kf3 96.Qd5+ Kf4 97.Qd6+ Kg4 98.Qd4+ Kg3
99.Qe3+ Kg4 100.Qe2+ Kf4 101.Qf2+ Kg4 102.Qg1+ Kf4 103.Qg6 Qh4+ 104.Kf7 Qd8
105.f6 Qd5+ 106.Kg7 Qe5  1-0

[Event "17th ch-EUR Indiv 2016"]
[Site "Gjakova KOS"]
[Date "2016.05.14"]
[Round "3.48"]
[White "Postny,E"]
[Black "Makoli,P"]
[Result "1-0"]
[WhiteElo "2662"]
[BlackElo "2261"]

1.d4 d5 2.c4 dxc4 3.e4 Nc6 4.Nf3 Bg4 5.d5 Ne5 6.Bf4 Ng6 7.Be3 Nf6 8.Bxc4 Nxe4
9.h3 Bd7 10.O-O Nd6 11.Bb3 e5 12.dxe6 Bxe6 13.Bxe6 fxe6 14.Qb3 Qd7 15.Nc3 a5
16.a4 Be7 17.Nd4 e5 18.Ne6 Bd8 19.f4 exf4 20.Bxf4  1-0

[Event "17th ch-EUR Indiv w 2016"]
[Site "Mamaia ROU"]
[Date "2016.06.03"]
[Round "7.44"]
[White "Mirzoeva,E"]
[Black "Jap Tjoen San,L"]
[Result "1-0"]
[WhiteElo "2344"]
[BlackElo "2116"]

1.d4 d5 2.c4 dxc4 3.e4 Nc6 4.d5 Ne5 5.Bf4 Ng6 6.Bg3 Nf6 7.Nc3 e5 8.Bxc4 a6
9.Nf3 Bd6 10.O-O O-O 11.Re1 Bg4 12.h3 Bd7 13.Nd2 Qe7 14.Rc1 Rfd8 15.Bd3 c6
16.Nc4 Bc5 17.Qf3 b5 18.Na5 cxd5 19.exd5 Bd4 20.Nb3 Bxc3 21.Rxc3 Qd6 22.Bxg6 hxg6
23.Rxe5 Qb4 24.a3 Qf8 25.Nc5 Bf5 26.Bf4 Rac8 27.b4 a5 28.g4 axb4 29.axb4 Bb1
30.Rc1 Ba2 31.Rd1 Kh7 32.d6 Nd7 33.Nxd7 Rxd7 34.Rxb5 Rc2 35.Rc5 Rb2 36.Qa3 Rb1
37.Rxb1 Bxb1 38.Qa4 Qe8 39.Re5 Qc8 40.Re7 Rd8 41.Qb3  1-0

[Event "17th ch-EUR Indiv w 2016"]
[Site "Mamaia ROU"]
[Date "2016.06.03"]
[Round "7.8"]
[White "Javakhishvili,L"]
[Black "Arabidze,M"]
[Result "1/2-1/2"]
[WhiteElo "2493"]
[BlackElo "2363"]

1.d4 d5 2.c4 dxc4 3.e4 Nc6 4.Nf3 Bg4 5.d5 Ne5 6.Bf4 Ng6 7.Be3 Nf6 8.Nc3 e6
9.Qa4+ Qd7 10.Qxd7+ Kxd7 11.Nd2 exd5 12.exd5 b5 13.h3 Bf5 14.g4 Bd3 15.g5 b4
16.gxf6 bxc3 17.bxc3 gxf6 18.Nxc4 Be4 19.Rg1 Bxd5 20.O-O-O c6 21.Bd4 Bh6+
22.Ne3 Ke6 23.h4 Ne5 24.Bh3+ Kd6 25.Kb2 Bxe3 26.fxe3 Nc4+ 27.Kc1 Rhe8 28.Rdf1 Be6
29.Bg2 f5 30.e4 Rab8 31.exf5 Bd5 32.Bxd5 cxd5 33.Re1 Ne5 34.Kc2 Nf3 35.Rxe8 Nxd4+
36.cxd4 Rxe8 37.Rg7 Ke7 38.Rxh7 Kf6 39.Kd3 Rg8 40.Ke3 Rg2 41.Kf4 Rf2+ 42.Kg4 Rg2+
43.Kf4 Rf2+  1/2-1/2

[Event "8th Capo d'Orso Open 2016"]
[Site "Porto Mannu Palau ITA"]
[Date "2016.06.04"]
[Round "1.1"]
[White "Della Pietra,A"]
[Black "Landa,K"]
[Result "1/2-1/2"]
[WhiteElo "2213"]
[BlackElo "2610"]

1.d4 d5 2.c4 dxc4 3.e4 e5 4.Nf3 exd4 5.Bxc4 Nc6 6.O-O Bc5 7.Ng5 Nh6 8.Nxf7 Nxf7
9.Bxf7+ Kxf7 10.Qh5+ g6 11.Qxc5 Qe7 12.Qb5 Qxe4 13.Bh6 Rd8 14.Qb3+ Qd5 15.Qg3 Bf5
16.Qxc7+ Rd7 17.Qf4 Qe4 18.Qg3 Qg4 19.Nd2 Re8 20.Qxg4 Bxg4 21.f3 Bf5 22.Rfe1 Rde7
23.Rxe7+ Rxe7 24.Kf2 Bc2 25.Re1 Rxe1 26.Kxe1 Ke6 27.Bg7 Kd5 28.a3 a5 29.g3 Nd8
30.Ke2 Ne6 31.Bf6 Nc5 32.f4 Bf5 33.b3 Bg4+ 34.Kf2 b5 35.Bd8 b4 36.a4 Nb7
37.Bb6 Bd1 38.Ke1 Bc2 39.Ke2 h5 40.Ke1 Nc5 41.Bxa5 Nxb3 42.Nxb3 Bxb3 43.Bxb4 Bxa4
44.Ke2 Bb5+ 45.Kd2 Ke4 46.Bc5 d3 47.Bd6 Bd7 48.f5 Bxf5 49.h4 Kf3 50.Bc7 Kg2
51.Bf4 g5 52.Bxg5 Kxg3 53.Bd8  1/2-1/2

[Event "17th ch-EUR Indiv w 2016"]
[Site "Mamaia ROU"]
[Date "2016.06.07"]
[Round "11.26"]
[White "Mirzoeva,E"]
[Black "Tomilova,E"]
[Result "0-1"]
[WhiteElo "2344"]
[BlackElo "2305"]

1.d4 d5 2.c4 dxc4 3.e4 Nc6 4.Nf3 Bg4 5.d5 Ne5 6.Bf4 Ng6 7.Be3 Nf6 8.Nc3 e5
9.Bxc4 Nh4 10.Bb5+ Nd7 11.Rg1 Ng6 12.h3 Bxf3 13.Qxf3 Bb4 14.Qf5 a6 15.Bxd7+ Qxd7
16.Qxd7+ Kxd7 17.g3 Rac8 18.Ke2 Bxc3 19.bxc3 f5 20.f3 Rhf8 21.c4 b6 22.a4 c5
23.Rab1 Rb8 24.a5 f4 25.gxf4 exf4 26.Bd2 b5 27.Bc3 bxc4 28.Bxg7 Rg8 29.Bf6 Rb5
30.h4 Rf8 31.Bc3 Kd6 32.h5 Ne5 33.Bxe5+ Kxe5 34.Rxb5 axb5 35.a6 Ra8  0-1

[Event "Russia-China Match Men"]
[Site "Moscow RUS"]
[Date "2016.06.11"]
[Round "1.3"]
[White "Jakovenko,D"]
[Black "Zhou Jianchao"]
[Result "1-0"]
[WhiteElo "2710"]
[BlackElo "2617"]

1.d4 d5 2.c4 dxc4 3.e4 Nf6 4.e5 Nd5 5.Bxc4 Nb6 6.Bb3 Nc6 7.Ne2 Bf5 8.Nbc3 e6
9.O-O Qd7 10.Be3 O-O-O 11.Qc1 Kb8 12.Rd1 Nb4 13.Nf4 c6 14.Na4 Nxa4 15.Bxa4 Be7
16.a3 Nd5 17.Nxd5 Qxd5 18.Qc3 g5 19.b4 Rc8 20.Bb3 Qd7 21.Qd2 g4 22.a4 Be4
23.Bg5 Rhg8 24.Bxe7 Qxe7 25.b5 Bd5 26.Bxd5 cxd5 27.Qh6 Rh8 28.a5 Qd7 29.Rab1 Qe7
30.g3 Rhg8 31.a6 b6 32.Rbc1 Rxc1 33.Rxc1 Qg5 34.Qxg5 Rxg5 35.Rc3 Rf5 36.f3 h5
37.Kg2 Rg5 38.h3 gxf3+ 39.Rxf3 Rg7 40.Rc3 Rg6 41.Kf3 Rg5 42.g4 hxg4+ 43.hxg4 Rg6
44.Kf4 Rh6 45.Kg5 Rg6+ 46.Kh5 Rg7 47.Rc1 Rg8 48.Rf1 Rh8+ 49.Kg5 Rh7 50.Rc1  1-0

[Event "16th ch-Euro Seniors +65"]
[Site "Yerevan ARM"]
[Date "2016.06.11"]
[Round "7.6"]
[White "Avetisyan,A"]
[Black "Veremeichik,V"]
[Result "0-1"]
[WhiteElo "2124"]
[BlackElo "2293"]

1.d4 d5 2.c4 dxc4 3.e4 Nc6 4.d5 Ne5 5.Bxc4 Nxc4 6.Qa4+ c6 7.Qxc4 cxd5 8.exd5 Nf6
9.Nc3 e6 10.dxe6 Bxe6 11.Qb5+ Qd7 12.Qxd7+ Nxd7 13.Nge2 Bb4 14.O-O O-O 15.Bf4 Rfc8
16.Rfd1 Nb6 17.Bd6 Bxc3 18.bxc3 h6 19.Be5 Rc4 20.Bd4 Ra4 21.Nf4 Bxa2 22.Nd3 Bb3
23.Re1 Bd5 24.Nb4 Be6 25.f3 Rxa1 26.Rxa1 Nc8 27.Nd3 a5 28.g4 b5 29.Nf4 Bc4
30.Kf2 Ne7 31.Nh5 f6 32.Ng3 a4 33.Ne4 Nd5 34.Nd6 a3 35.Ke1 Ra6 36.Nxc4 bxc4
37.Kd2 Nc7 38.Bc5 Nb5 39.Kc2 Kf7 40.Bb4 f5 41.Re1 fxg4 42.fxg4 Re6 43.Rd1 Re2+
44.Kb1 Rb2+ 45.Ka1 Rb3 46.Rc1 g6 47.h4 Kf6 48.h5 gxh5 49.gxh5 Kg5 50.Rh1 Nxc3
51.Bxc3 Rxc3 52.Ka2 Kg4 53.Rh2 Rh3 54.Rc2 Kxh5 55.Rxc4 Rg3 56.Ra4 Rf3 57.Ra8 Kh4
58.Ra4+ Kg3 59.Ra5 Kg4 60.Ra4+ Rf4 61.Ra6 h5 62.Kxa3 h4 63.Rg6+ Kf3 64.Kb2 h3
65.Kc2 h2 66.Rh6 Kg2 67.Rg6+ Kh3  0-1

[Event "11th Teplice Open 2016"]
[Site "Teplice CZE"]
[Date "2016.06.12"]
[Round "2.4"]
[White "Beliavsky,A"]
[Black "Kantorik,M"]
[Result "1-0"]
[WhiteElo "2603"]
[BlackElo "2285"]

1.d4 d5 2.c4 dxc4 3.e4 e5 4.Nf3 exd4 5.Bxc4 Nc6 6.O-O Be6 7.Bxe6 fxe6 8.Qb3 Qd7
9.Qxb7 Rb8 10.Qa6 Bd6 11.Nbd2 Nge7 12.Nb3 e5 13.Qc4 Nd8 14.Bd2 Qb5 15.Rfc1 Qxc4
16.Rxc4 Ne6 17.Ne1 O-O 18.Nd3 c5 19.Rac1 Nc8 20.R4c2 Nb6 21.Na5 Rfc8 22.h4 Rc7
23.b3 Rbc8 24.g3 Rf8 25.Kg2 h6 26.h5 Kh7 27.Rf1 Rcf7 28.f3 Rc7 29.f4 exf4
30.gxf4 Rcf7 31.f5 Nd8 32.Nc4 Nxc4 33.Rxc4 Re7 34.Re1 Rfe8 35.Kf3 Nf7 36.b4 cxb4
37.Rxd4 a5 38.Rd5 a4 39.Rb5 Rd7 40.Rd5 Rde7 41.Bf4 Bxf4 42.Kxf4 b3 43.axb3 axb3
44.e5 Rc7 45.e6 Ng5 46.Rd4 Rc3 47.Re2 Rc6 48.Rb4 Rc3 49.Ne5 Nxe6+ 50.fxe6 Rxe6
51.Rb8 g5+ 52.hxg6+ Kg7 53.Rb7+ Kg8 54.Rd2 Rf6+ 55.Ke4 Rc2 56.Rd8+ Rf8 57.Rdd7  1-0

[Event "7th Dolomiti Open 2016"]
[Site "Forni di Sopra ITA"]
[Date "2016.06.13"]
[Round "2.9"]
[White "Bellia,F"]
[Black "Sgircea,S"]
[Result "1-0"]
[WhiteElo "2441"]
[BlackElo "2263"]

1.d4 d5 2.c4 dxc4 3.e4 Nc6 4.Nf3 Bg4 5.d5 Ne5 6.Bf4 Ng6 7.Be3 e5 8.Bxc4 Nf6
9.Nc3 a6 10.Be2 Bd6 11.O-O O-O 12.Nd2 Bd7 13.g3 Qe7 14.Re1 Bc5 15.Nf1 c6
16.Bxc5 Qxc5 17.Ne3 Rfd8 18.Rc1 Qf8 19.Qb3 b5 20.dxc6 Bxc6 21.Ncd5 Bxd5 22.exd5 Ne7
23.Bf3 Rd6 24.Red1 Rad8 25.Bg2 Qe8 26.Rc5 h6 27.Qc3 e4 28.Qe5 Ng6 29.Qxe8+ Rxe8
30.Nf5 Rdd8 31.d6 Ne5 32.Rc7 Rd7 33.Bh3 Kf8 34.Ne3 Red8 35.Bxd7 Nfxd7 36.Rd5 Nd3
37.Rd4 N7c5 38.Rd5 Ne6 39.Ra7 Ke8 40.b3 Rd7 41.Rxa6 Rb7 42.d7+ Rxd7 43.Ra8+ Nd8
44.Rxb5  1-0

[Event "8th Lublin GM 2016"]
[Site "Lublin POL"]
[Date "2016.06.13"]
[Round "1.1"]
[White "Navara,D"]
[Black "Piorun,K"]
[Result "1-0"]
[WhiteElo "2744"]
[BlackElo "2676"]

1.d4 d5 2.c4 dxc4 3.e4 e5 4.Nf3 Bb4+ 5.Bd2 Bxd2+ 6.Qxd2 exd4 7.Nxd4 Nf6 8.Nc3 Be6
9.e5 Ng4 10.Qf4 Qe7 11.O-O-O Nh6 12.g4 Nc6 13.g5 Nxd4 14.gxh6 Nf5 15.hxg7 Nxg7
16.Rg1 Nf5 17.Bh3 Qh4 18.Qf3 Nd4 19.Rxd4 Qh6+ 20.Kb1 Qxh3 21.Qxb7 Qf5+ 22.Ne4 Qxe5
23.Qxa8+ Ke7 24.Qxa7  1-0

[Event "COL Baku Olym Selection"]
[Site "El Bagre COL"]
[Date "2016.06.16"]
[Round "7.1"]
[White "Rios,Cr"]
[Black "Valderrama Quiceno,Esteban Alb"]
[Result "1/2-1/2"]
[WhiteElo "2479"]
[BlackElo "2417"]

1.d4 d5 2.c4 dxc4 3.e4 e5 4.Nf3 exd4 5.Bxc4 Nc6 6.O-O Be6 7.Bxe6 fxe6 8.Qb3 Qd7
9.Qxb7 Rb8 10.Qa6 Nf6 11.Nbd2 Bb4 12.e5 Ng4 13.Nc4 Qd5 14.Rd1  1/2-1/2

[Event "11th Teplice Open 2016"]
[Site "Teplice CZE"]
[Date "2016.06.17"]
[Round "7.7"]
[White "Beliavsky,A"]
[Black "Simacek,P"]
[Result "1-0"]
[WhiteElo "2603"]
[BlackElo "2463"]

1.d4 d5 2.c4 dxc4 3.e4 e5 4.Nf3 exd4 5.Bxc4 Nc6 6.O-O Bc5 7.Qb3 Qe7 8.Bg5 Nf6
9.Re1 Bb4 10.Nbd2 Na5 11.Qc2 Nxc4 12.Qxc4 Qc5 13.Qd3 Be6 14.Rec1 Qb6 15.Nc4 Qa6
16.e5 Nd5 17.Nxd4 h6 18.Nxe6 Qxe6 19.Ne3 c6 20.Nxd5 Qxd5 21.Qxd5 cxd5 22.Bf4 g5
23.Bg3 Kd7 24.a3 Be7 25.e6+ Kxe6 26.Re1+ Kd7 27.Rad1 Rhd8 28.Rxd5+ Ke8 29.Bd6 Rd7
30.Rde5 Rxd6 31.Rxe7+ Kf8 32.Rxb7 a6 33.g3 Rc8 34.Ree7 Rc1+ 35.Kg2 Rf6 36.Re2 Kg7
37.h3 Rc5 38.Rbe7 Rcf5 39.R7e5 Rf3 40.R5e3 R3f5 41.Kf1 Kg6 42.Ke1 Kg7 43.b4 Kh7
44.Rc3 Kg7 45.a4 Rb6 46.Rc4 Rbf6 47.Rb2 Rf3 48.b5 axb5 49.axb5 Rb6 50.Rc5 Kf6
51.Rbc2 Kg7 52.Rb2 Kf6 53.Ke2 Ra3 54.Rb4 Ke7 55.h4 Kd6 56.Rf5 Ke6 57.g4 f6
58.h5 Rc3 59.Kd2 Rc7 60.Re4+ Kf7 61.Kd3 Rc1 62.Rb4 Rd6+ 63.Ke3 Rb6 64.Kd2 Rc7
65.Rd4 Ke6 66.Re4+ Kf7 67.Rd4 Ke6 68.f3 Kf7 69.Rdd5 Rc4 70.Rc5 Rd6+ 71.Ke3 Rb4
72.Rcd5 Re6+ 73.Kd2 Rb2+ 74.Kc3 Ree2 75.Rd1 Ke6 76.Rc1 Red2 77.Kc4 Rd8 78.Rc3 Rb1
79.Rc5 Rd7 80.Re3+ Kf7 81.Rb3 Rc1+ 82.Rc3 Rb1 83.Rc2 Kg7 84.Rc6 Rb7 85.Rc5 Rd7
86.Kc3 Kf7 87.Rd2 Rc1+ 88.Kb2 Rxc5 89.Rxd7+ Ke6 90.Rb7 Rc4 91.Kb3 Rf4 92.Rc7 Kd6
93.Rc3 Rd4 94.b6 Rd5 95.Kb4 Rd4+ 96.Kb5 Kd5  1-0